00854cam a2200253 a 450000100060000000300080000600500170001400800410003102000210007202000210009303500190011404000260013304100080015908200270016710000370019424500660023126000790029730000260037650400510040250500810045365000160053470000340055070000160058411125BD-RjUL20211208235056.0140126r19761962enka b 001 0 eng d a0582462118 (V-3) a0582462126 (V-4) a(BD-RjUL)11174 aBD-RjULbengcBD-RjUL aeng04223a549bDER 1975-19761 aDeer, W. A.q(William Alexander)10aRock-forming minerals.cW.A. Deer, R.A. Howie and J. Zussman. aLondon :bLongmans, Green,c1962 [Impression 1976]-1963 [Impression 1975]. a V. :bIll. ;c26 cm. aIncludes bibliographical references and index.0 aVol. 3, Sheet silicates -- V.4, Framework silicates -- v. 5(Non-Silicates)-- 0aMineralogy.1 aHowie, R. A.q(Robert Andrew)1 aZussman, J.